| 000 | 00904cam a2200277 a 4500 | ||
|---|---|---|---|
| 001 | 26998 | ||
| 003 | BD-RjUL | ||
| 005 | 20211209051110.0 | ||
| 008 | 140324s1991 ii b 001 0 eng | ||
| 020 | _a8170740967 : | ||
| 035 | _a(BD-RjUL)27069 | ||
| 040 |
_aDLC _cDLC _dDLC _beng |
||
| 041 | _aeng | ||
| 082 |
_a954.14 _bSAB 1991 |
||
| 100 | 1 |
_aSarkar, Chandiprasad. _982955 |
|
| 245 | 1 | 4 |
_aThe Bengali Muslims : _ba study in their politicization, 1912-1929 / _cChandiprasad Sarkar. |
| 260 |
_aCalcutta : _bK.P. Bagchi & Co., _c1991. |
||
| 300 |
_axiv, 273 p. ; _c22 cm. |
||
| 500 | _aRevision of the author's thesis (Ph. D.--Calcutta University, 1984). | ||
| 504 | _aIncludes index. | ||
| 650 | 0 |
_aMuslims _xPolitical activity _zIndia _zBengal. _982956 |
|
| 651 | 0 |
_aBengal (India) _xPolitics and government. _982957 |
|
| 942 |
_2ddc _cBK _01 |
||
| 999 |
_c26998 _d26998 |
||